Hospodářská politika : distanční studijní opora /

Main Author: Slaný, Antonín, 1955-
Other Authors: Franc, Aleš, 1977-
Language: Czech
Published: Brno : Masarykova univerzita, Ekonomicko-správní fakulta, 2004
Edition: 1. vyd.
Online Access: Digitalizovaný dokument
Physical Description: 106 s. : il. ; 29 cm
Book
Saved in:
LEADER 02194nam a2200517 a 4500
001 000750813
003 CZ BrMZK
005 20090907162943.0
007 ta
008 041122s2004 xr a erp 001 0 cze d
015 |a cnb001413289 
020 |a 80-210-3476-9  |q (brož.) 
035 |a (OCoLC)85127350 
040 |a BOA001  |b cze 
072 7 |a 330.5+338  |x Národní hospodářství a hospodářská politika  |2 Konspekt  |9 4 
072 7 |a 37.016  |x Učební osnovy. Vyučovací předměty. Učebnice  |2 Konspekt  |9 22 
080 |a 338.2  |2 MRF 
080 |a 336.74:338.23  |2 MRF 
080 |a 339.92  |2 MRF 
080 |a 330.101.542  |2 MRF 
080 |a (075.8)  |2 MRF 
100 1 |a Slaný, Antonín,  |d 1955-  |7 jn99240001089  |4 aut 
245 1 0 |a Hospodářská politika :  |b distanční studijní opora /  |c Antonín Slaný, Aleš Franc 
246 3 3 |a KEHOPO 
250 |a 1. vyd. 
260 |a Brno :  |b Masarykova univerzita, Ekonomicko-správní fakulta,  |c 2004 
300 |a 106 s. :  |b il. ;  |c 29 cm 
500 |a Obálkový podnázev: KEHOPO 
500 |a Terminologický slovník 
500 |a 200 výt. 
504 |a Obsahuje bibliografii a rejstřík 
500 |a Dostupné též v digitální podobě v aplikaci Kramerius 
650 0 7 |a hospodářská politika  |7 ph114701  |2 czenas 
650 0 7 |a měnová politika  |7 ph115398  |2 czenas 
650 0 7 |a ekonomická integrace  |7 ph119825  |2 czenas 
650 0 7 |a mikroekonomie  |7 ph115305  |2 czenas 
655 7 |a učebnice vysokých škol  |7 fd133772  |2 czenas 
700 1 |a Franc, Aleš,  |d 1977-  |7 mzk2004258542 
856 4 1 |u http://www.digitalniknihovna.cz/mzk/uuid/uuid:972c55d0-fd59-11e5-b4f9-005056827e51  |y Digitalizovaný dokument  |x NDK 
910 |a BOA001  |b 3-1143.785 
990 |a BK 
991 |b 200501  |c NOV 
996 6 |b 2610234258  |c 3-1143.785  |l MZK  |r Sklad / do 1 hodiny  |n 2  |p p.v.  |w 000750813  |u 000010  |a 1  |e BOA001  |j MZK50  |s P 
996 7 |b 2610234259  |c 3-1143.785  |l MZK  |r Sklad / do 1 hodiny  |n 56  |p p.v.  |w 000750813  |u 000020  |a 1  |e BOA001  |j MZK50  |s A 
996 7 |b 2610242064  |c 3-1143.785  |l MZK  |r Sklad / do 1 hodiny  |n 45  |p kup  |w 000750813  |u 000030  |a 1  |e BOA001  |j MZK50  |s A 
996 7 |b 2610242065  |c 3-1143.785  |l MZK  |r Sklad / do 1 hodiny  |n 38  |p kup  |w 000750813  |u 000040  |a 1  |e BOA001  |j MZK50  |s A